| 000 | 00617nam a2200193 a 4500 | ||
|---|---|---|---|
| 005 | 20210223124902.0 | ||
| 008 | 030326s1990 es r 000 0 spa d | ||
| 020 | _a8480194596 | ||
| 035 | _aUPN01000123285 | ||
| 049 | _aCG | ||
| 050 | 4 |
_aGV713 _bA3.3 |
|
| 100 | 1 |
_aAcosta Hernández, Rubén, _d1934- _930094 |
|
| 245 | 1 | 0 |
_aDirección, gestión y administración de las organizaciones deportivas / _cRubén Acosta Hernández. |
| 260 |
_aBarcelona, Esp. : _bPaidotribo, _c[199?]. |
||
| 300 |
_a330 p. : _bgráfs. |
||
| 440 | 0 | _aGestión y administración | |
| 650 | 4 |
_aADMINISTRACION DEPORTIVA _9344 |
|
| 905 | _aLibro | ||
| 999 |
_c95466 _d95466 |
||